Molecular collisions in the interstellar medium (Record no. 9978)

MARC details
000 -LEADER
fixed length control field 00712nam a2200217Ia 4500
003 - CONTROL NUMBER IDENTIFIER
control field IN-BaIIA
008 - FIXED-LENGTH DATA ELEMENTS--GENERAL INFORMATION
fixed length control field 211028s9999 xx 000 0 eng d
020 ## - INTERNATIONAL STANDARD BOOK NUMBER
International Standard Book Number 0-521-32032-1
040 ## - CATALOGING SOURCE
Transcribing agency IIA Library
080 ## - UNIVERSAL DECIMAL CLASSIFICATION NUMBER
Universal Decimal Classification number 524.527
Item number FLO
100 ## - MAIN ENTRY--PERSONAL NAME
Personal name Flower, David
9 (RLIN) 16940
245 #0 - TITLE STATEMENT
Title Molecular collisions in the interstellar medium
Statement of responsibility, etc. David Flower and J M Mariotti
260 ## - PUBLICATION, DISTRIBUTION, ETC.
Place of publication, distribution, etc. Cambridge
Name of publisher, distributor, etc. Cambridge University Press
Date of publication, distribution, etc. 1990
300 ## - PHYSICAL DESCRIPTION
Extent xii, 133p.
490 ## - SERIES STATEMENT
Series statement Cambridge astrophysics series; 17
650 ## - SUBJECT ADDED ENTRY--TOPICAL TERM
Topical term or geographic name entry element Astronomy and astrophysics thesaurus
650 ## - SUBJECT ADDED ENTRY--TOPICAL TERM
Topical term or geographic name entry element Interstellar matter
9 (RLIN) 1189
650 ## - SUBJECT ADDED ENTRY--TOPICAL TERM
Topical term or geographic name entry element Molecules
9 (RLIN) 4897
700 ## - ADDED ENTRY--PERSONAL NAME
Personal name Mariotti, J M
9 (RLIN) 16941
942 ## - ADDED ENTRY ELEMENTS (KOHA)
Koha item type Books
Holdings
Withdrawn status Lost status Damaged status Not for loan Home library Current library Shelving location Date acquired Cost, normal purchase price Total Checkouts Full call number Barcode Date last seen Cost, replacement price Price effective from Koha item type Purchase Price
        IIA Library-Bangalore IIA Library-Bangalore General Stacks   1150.00   524.527/ FLO 10888 05/11/2021 1150.00   Books Rs. 1150

Powered by Koha